000 00838nam a2200289Ia 4500
001 Z_1791
003 CHAP
008 220113s1997 xx 000 0 und d
010 _a164883
040 _cCHAP
090 _aTesis B 1202
100 _aBautista Chavarría, Hugo A
_910898
245 _aLa cría del avestruz : revisión de literatura /
_cpor Hugo A Bautista Chavarría y Gerardo Hernández León
260 _aChapingo, Méx. :
_bEl autor,
_c1997
300 _a129 h.
502 _aTesis (Ing. Agr. Esp. en Zootecnia) -- UACH. Departamento de Zootecnia
650 _aAvestruz
_98693
650 _aCarne de avestruz
_919117
650 _aEclosión
_935118
700 _aHernández León, Gerardo
_954212
901 _aTESIS B 1202
902 _aM
910 _a1997
942 _c2
942 _c2
999 _c164883
_d164883